Oiseaux Disney/Pixar par Images #2 - Statistiques

Statistiques générales
  • Ce quiz a été pris 51 fois
  • Le résultat moyen est 4 sur 11
Statistiques - réponses
Par images Réponse % Correct
Daisy Duck
100%
Iago
79%
Archimède
71%
Eurêka
57%
Le Dodo
38%
Big Mama
33%
Les Corbeaux
24%
Monsieur Cigogne
19%
José Carioca
17%
Abby Mallard
7%
L'Amiral
2%
Aucun quiz correspondant
Distribution des résultats
% des personnes avec chaque résultat
Percentile par nombre de réponses
Votre historique - résultats
Vous n’avez pas pris ce quiz